[Event "Titled Tuesday intern op 23rd Jul Late"]
[Site "Chess.com INT"]
[Date "2024.07.23"]
[Round "5"]
[White "Howell, David"]
[Black "Gamboa, Juan Pablo"]
[Result "1-0"]
[WhiteElo "2675"]
[BlackElo "2224"]
[PlyCount "71"]
[EventDate "2024.07.23"]
[EventType "swiss (blitz)"]
[EventRounds "11"]
[EventCountry "USA"]
[SourceTitle "EXT 2025"]
[Source "ChessBase"]
[SourceDate "2024.10.14"]
[SourceVersion "1"]
[SourceVersionDate "2024.10.14"]
[SourceQuality "1"]

1. d4 e6 2. Nf3 d5 3. e3 f5 4. Nbd2 Nf6 5. b3 Be7 6. Bb2 0-0 7. Bd3 Bd7 8. 0-0 Be8 9. Ne5 Bh5 10. f3 Nbd7 11. c4 c6 12. Qc2 Rc8 13. Rac1 Nxe5 14. dxe5 Nd7 15. a3 Nc5 16. Be2 Nd7 17. b4 a6 18. Nb3 Nb6 19. Na5 Qd7 20. Rfd1 Na8 21. c5 Nc7 22. Nc4 Bg5 23. Qd2 Qe7 24. Nd6 Rb8 25. g3 Ne8 26. Kg2 Bh6 27. Bd4 g5 28. Qc3 Qg7 29. a4 g4 30. f4 Nc7 31. Kf2 Be8 32. Rh1 Bd7 33. h3 Qg6 34. hxg4 fxg4 35. Rh4 Bg7 36. Bd3 1-0

[Event "Titled Tuesday intern op 23rd Jul Late"]
[Site "Chess.com INT"]
[Date "2024.07.23"]
[Round "8"]
[White "Korol, Dimitry"]
[Black "Gamboa, Juan Pablo"]
[Result "1/2-1/2"]
[WhiteElo "2287"]
[BlackElo "2224"]
[PlyCount "71"]
[EventDate "2024.07.23"]
[EventType "swiss (blitz)"]
[EventRounds "11"]
[EventCountry "USA"]
[SourceTitle "EXT 2025"]
[Source "ChessBase"]
[SourceDate "2024.10.14"]
[SourceVersion "1"]
[SourceVersionDate "2024.10.14"]
[SourceQuality "1"]

1. d4 e6 2. c4 d5 3. Nc3 c5 4. cxd5 exd5 5. Nf3 Nc6 6. g3 Nf6 7. Bg2 cxd4 8. Nxd4 Bc5 9. Nxc6 bxc6 10. 0-0 0-0 11. Na4 Bb6 12. Nxb6 axb6 13. b3 Re8 14. Bb2 Ba6 15. Re1 Ne4 16. Qd4 Qf6 17. Qxf6 Nxf6 18. Bxf6 gxf6 19. e3 Bd3 20. Rac1 Re6 21. Red1 Be4 22. Bxe4 dxe4 23. a4 c5 24. Rd5 Kg7 25. Kg2 Kg6 26. g4 Rae8 27. Kg3 Re5 28. Rd6 R8e6 29. Rcd1 h5 30. h3 hxg4 31. hxg4 Rxd6 32. Rxd6 Re6 33. Rd5 Re5 34. Rd6 Re6 35. Rd5 Re5 36. Rd6 1/2-1/2

[Event "Titled Tuesday intern op 09th Jul Late"]
[Site "Chess.com INT"]
[Date "2024.07.09"]
[Round "10"]
[White "Beulen, Marcel"]
[Black "Gamboa, Juan Pablo"]
[Result "1/2-1/2"]
[WhiteElo "2359"]
[BlackElo "2224"]
[PlyCount "78"]
[EventDate "2024.07.09"]
[EventType "swiss (blitz)"]
[EventRounds "11"]
[EventCountry "USA"]
[SourceTitle "EXT 2025"]
[Source "ChessBase"]
[SourceDate "2024.10.14"]
[SourceVersion "1"]
[SourceVersionDate "2024.10.14"]
[SourceQuality "1"]

1. e4 e6 2. d4 d5 3. exd5 exd5 4. Nf3 Bd6 5. c4 Nf6 6. Nc3 0-0 7. cxd5 Re8+ 8. Be2 Bb4 9. Bg5 c6 10. 0-0 cxd5 11. Bxf6 Qxf6 12. Nxd5 Qd6 13. Nxb4 Qxb4 14. Ne5 Nc6 15. Nxc6 bxc6 16. Bf3 Ba6 17. Re1 Rxe1+ 18. Qxe1 Qxd4 19. Bxc6 Rc8 20. b3 g6 21. Rd1 Qf6 22. Be4 Re8 23. f3 Bb7 24. Qf2 Bxe4 25. fxe4 Qxf2+ 26. Kxf2 Rxe4 27. Rd7 a5 28. Ra7 Re5 29. Kf3 Kg7 30. g4 h5 31. h3 hxg4+ 32. hxg4 Rb5 33. Kf4 g5+ 34. Kf3 Kg6 35. Ra6+ f6 36. Kg3 Rc5 37. Kf3 Rb5 38. Kg3 Rc5 39. Kf3 Rb5 1/2-1/2

[Event "Titled Tuesday intern op 09th Jul Late"]
[Site "Chess.com INT"]
[Date "2024.07.09"]
[Round "7"]
[White "Senft, Sean"]
[Black "Gamboa, Juan Pablo"]
[Result "1-0"]
[WhiteElo "2054"]
[BlackElo "2224"]
[PlyCount "113"]
[EventDate "2024.07.09"]
[EventType "swiss (blitz)"]
[EventRounds "11"]
[EventCountry "USA"]
[SourceTitle "EXT 2025"]
[Source "ChessBase"]
[SourceDate "2024.10.14"]
[SourceVersion "1"]
[SourceVersionDate "2024.10.14"]
[SourceQuality "1"]

1. d4 e6 2. c4 d5 3. Nc3 c5 4. cxd5 exd5 5. Nf3 Nc6 6. g3 Nf6 7. Bg2 cxd4 8. Nxd4 Bc5 9. Be3 Qb6 10. Nxc6 Bxe3 11. fxe3 bxc6 12. Qd2 0-0 13. 0-0 Re8 14. Nd1 Ne4 15. Bxe4 Rxe4 16. Rc1 Bh3 17. Rf2 Rae8 18. Qc3 Rc4 19. Qd2 Rxc1 20. Qxc1 d4 21. exd4 Qxd4 22. Nc3 h6 23. Qf4 Qxf4 24. Rxf4 Be6 25. Ra4 Re7 26. Ra6 Bd5 27. Kf2 g5 28. Nxd5 cxd5 29. Rxh6 Kg7 30. Rd6 Rb7 31. b3 Rb5 32. Rd7 Ra5 33. a4 Kf6 34. Ke3 Ke6 35. Rb7 f5 36. Kd4 f4 37. Rg7 Kf5 38. Rf7+ Kg4 39. gxf4 gxf4 40. Rd7 Ra6 41. Kxd5 Rb6 42. Kc4 Re6 43. Rxa7 Rxe2 44. Rg7+ Kh3 45. Rf7 Kg4 46. a5 f3 47. a6 Rxh2 48. a7 Ra2 49. b4 Rc2+ 50. Kd5 Ra2 51. b5 f2 52. b6 Kg3 53. Kc6 Kg2 54. Kb7 f1Q 55. Rxf1 Kxf1 56. a8Q Rxa8 57. Kxa8 1-0

[Event "Titled Tuesday intern op 04th Jun Late"]
[Site "Chess.com INT"]
[Date "2024.06.04"]
[Round "6"]
[White "Cardozo Munar, Carlos Eduardo"]
[Black "Gamboa, Juan Pablo"]
[Result "0-1"]
[WhiteElo "2060"]
[BlackElo "2224"]
[PlyCount "154"]
[EventDate "2024.06.04"]
[EventType "swiss (blitz)"]
[EventRounds "11"]
[EventCountry "USA"]
[SourceTitle "EXT 2025"]
[Source "ChessBase"]
[SourceDate "2024.10.14"]
[SourceVersion "1"]
[SourceVersionDate "2024.10.14"]
[SourceQuality "1"]

1. g3 d5 2. Bg2 e6 3. d4 Nf6 4. c3 c5 5. Nd2 Nc6 6. Ngf3 cxd4 7. cxd4 Be7 8. 0-0 0-0 9. Re1 Qb6 10. e3 Bb4 11. a3 Bxd2 12. Qxd2 Ne4 13. Qe2 Na5 14. Nd2 Nxd2 15. Qxd2 Nb3 16. Qd3 Nxa1 17. b4 Qc6 18. Bb2 Qc2 19. Qxc2 Nxc2 20. Rc1 Nxb4 21. axb4 Bd7 22. Bf1 a6 23. Bd3 Rfc8 24. Ra1 Bb5 25. Bb1 Bc4 26. Bc3 Bb3 27. Bd2 Bc2 28. Ba2 Be4 29. Bb3 h6 30. Kf1 Bd3+ 31. Ke1 Bc2 32. Ba2 Ba4 33. Bb1 Bc2 34. Ba2 Bd3 35. Kd1 Rc7 36. Bb3 Rac8 37. h4 g6 38. Ra3 Bc2+ 39. Bxc2 Rxc2 40. Rb3 Ra2 41. b5 Rcc2 42. Be1 a5 43. b6 a4 44. Rb5 Rcb2 45. Rc5 Rb1+ 46. Rc1 Raa1 47. Bd2 a3 48. Kc2 Rb2+ 49. Kd3 Rxc1 50. Bxc1 Rb1 51. Bxa3 Rb3+ 52. Ke2 Rxa3 53. Kf3 Ra6 54. Kf4 Rxb6 55. Ke5 Kf8 56. f3 h5 57. Kf6 Rc6 58. e4 dxe4 59. fxe4 Rd6 60. Ke5 Ra6 61. Kf6 b5 62. Ke5 b4 63. d5 exd5 64. exd5 b3 65. d6 b2 66. d7 Ra8 67. Kd6 b1Q 68. g4 Qd1+ 69. Ke5 hxg4 70. h5 Qxd7 71. hxg6 Qe6+ 72. Kf4 Ra4+ 73. Kg3 Ra3+ 74. Kg2 Rf3 75. g7+ Kxg7 76. Kh1 Qe2 77. Kg1 Rf1# 0-1

[Event "Titled Tuesday intern op 04th Jun Late"]
[Site "Chess.com INT"]
[Date "2024.06.04"]
[Round "10"]
[White "Gamboa, Juan Pablo"]
[Black "Aigner, Michael"]
[Result "0-1"]
[WhiteElo "2224"]
[BlackElo "1987"]
[PlyCount "72"]
[EventDate "2024.06.04"]
[EventType "swiss (blitz)"]
[EventRounds "11"]
[EventCountry "USA"]
[SourceTitle "EXT 2025"]
[Source "ChessBase"]
[SourceDate "2024.10.14"]
[SourceVersion "1"]
[SourceVersionDate "2024.10.14"]
[SourceQuality "1"]

1. c4 f5 2. b3 Nf6 3. Bb2 e6 4. f4 Be7 5. Nf3 0-0 6. g3 d6 7. Bg2 Nc6 8. 0-0 Bd7 9. d3 Rb8 10. a4 Ng4 11. Qd2 Bf6 12. d4 a5 13. h3 Nh6 14. d5 Bxb2 15. Qxb2 exd5 16. cxd5 Nb4 17. Ng5 Qe7 18. Nc3 Nf7 19. h4 h6 20. Nxf7 Qe3+ 21. Kh2 Rxf7 22. Rf3 Qd4 23. Rd1 Qf6 24. Qd2 Re8 25. Re3 Rxe3 26. Qxe3 Re7 27. Qd4 Qxd4 28. Rxd4 c5 29. dxc6 Bxc6 30. Bxc6 Nxc6 31. Rxd6 Re3 32. Nd5 Rxe2+ 33. Kh3 Rb2 34. Rd7 Rxb3 35. Rc7 Kh7 36. h5 Kg8 0-1

[Event "Titled Tuesday intern op 04th Jun Late"]
[Site "Chess.com INT"]
[Date "2024.06.04"]
[Round "5"]
[White "Lenoir Ibacache, Gabriel Alberto"]
[Black "Gamboa, Juan Pablo"]
[Result "1-0"]
[WhiteElo "2228"]
[BlackElo "2224"]
[PlyCount "63"]
[EventDate "2024.06.04"]
[EventType "swiss (blitz)"]
[EventRounds "11"]
[EventCountry "USA"]
[SourceTitle "EXT 2025"]
[Source "ChessBase"]
[SourceDate "2024.10.14"]
[SourceVersion "1"]
[SourceVersionDate "2024.10.14"]
[SourceQuality "1"]

1. e4 e6 2. d4 d5 3. Nd2 c5 4. c3 cxd4 5. cxd4 Nf6 6. e5 Nfd7 7. Bd3 Nc6 8. Ndf3 Qb6 9. Ne2 Bb4+ 10. Bd2 f6 11. exf6 Nxf6 12. 0-0 0-0 13. Bg5 Ne4 14. Bh4 Bd6 15. Nc3 Rf4 16. Bg3 Nxg3 17. hxg3 Rf6 18. a3 Bd7 19. b4 Raf8 20. Qc2 Rh6 21. Na4 Nxd4 22. Nxb6 Nxc2 23. Nxd7 Nxa1 24. Nxf8 Nb3 25. Nd7 e5 26. Ndxe5 Bxe5 27. Nxe5 Nd4 28. Rd1 g6 29. f4 Nf5 30. Bxf5 gxf5 31. Rxd5 Rc6 32. Nxc6 1-0

[Event "Titled Tuesday intern op 14th May Late"]
[Site "Chess.com INT"]
[Date "2024.05.14"]
[Round "6"]
[White "Gamboa, Juan Pablo"]
[Black "Rian, Kapriaga"]
[Result "1/2-1/2"]
[WhiteElo "2224"]
[BlackElo "2089"]
[PlyCount "126"]
[EventDate "2024.05.14"]
[EventType "swiss (blitz)"]
[EventRounds "11"]
[EventCountry "USA"]
[SourceTitle "CBM 220 Extra"]
[Source "ChessBase"]
[SourceDate "2024.07.31"]
[SourceVersion "1"]
[SourceVersionDate "2024.07.31"]
[SourceQuality "1"]

1. c4 e5 2. Nc3 Nc6 3. g3 d6 4. Bg2 g6 5. d3 Bg7 6. e4 Be6 7. Nge2 Qd7 8. h3 h5 9. Be3 f5 10. Qd2 Nge7 11. f4 fxe4 12. Nxe4 exf4 13. Nxf4 0-0-0 14. Nxe6 Qxe6 15. 0-0-0 Kb8 16. Kb1 Nf5 17. Bf2 Rhf8 18. Rhe1 Qg8 19. Ng5 Nfd4 20. Bxc6 Nxc6 21. Ne6 a6 22. d4 Qf7 23. Nxf8 Rxf8 24. Be3 Qf5+ 25. Ka1 Qxh3 26. d5 Ne5 27. Qd4 b6 28. Bf4 Rf5 29. Qe4 Qg4 30. Bxe5 Qxe4 31. Rxe4 Bxe5 32. g4 Rf2 33. Rxe5 dxe5 34. gxh5 gxh5 35. Rh1 Rf6 36. b3 Rh6 37. Rh4 Kc8 38. Kb2 Kd7 39. Kc3 Ke7 40. Kd3 Rh8 41. Ke4 Kf6 42. b4 Rh7 43. a4 a5 44. bxa5 bxa5 45. c5 Rh8 46. Rh1 h4 47. Rf1+ Kg5 48. Kxe5 Re8+ 49. Kd4 h3 50. d6 cxd6 51. cxd6 h2 52. Rh1 Re2 53. Kc5 Kf6 54. Kb6 Ke6 55. Kxa5 Kxd6 56. Kb6 Rb2+ 57. Ka6 Rc2 58. a5 Kc7 59. Ka7 Kc8 60. a6 Kc7 61. Ka8 Kc8 62. a7 Kc7 63. Rxh2 Rxh2 1/2-1/2

[Event "Titled Tuesday intern op 14th May Late"]
[Site "Chess.com INT"]
[Date "2024.05.14"]
[Round "8"]
[White "Lutz, Igor Oscar"]
[Black "Gamboa, Juan Pablo"]
[Result "0-1"]
[WhiteElo "1970"]
[BlackElo "2224"]
[PlyCount "60"]
[EventDate "2024.05.14"]
[EventType "swiss (blitz)"]
[EventRounds "11"]
[EventCountry "USA"]
[SourceTitle "CBM 220 Extra"]
[Source "ChessBase"]
[SourceDate "2024.07.31"]
[SourceVersion "1"]
[SourceVersionDate "2024.07.31"]
[SourceQuality "1"]

1. d4 e6 2. c4 d5 3. Nf3 c5 4. cxd5 exd5 5. g3 Nf6 6. Bg2 Nc6 7. 0-0 Be7 8. dxc5 Bxc5 9. Nc3 0-0 10. Bg5 d4 11. Bxf6 Qxf6 12. Ne4 Qe7 13. Nxc5 Qxc5 14. Rc1 Qb6 15. Qd2 Bg4 16. Ne1 Rfe8 17. Bf3 Ne5 18. Bxg4 Nxg4 19. Nd3 Qe6 20. Nf4 Qxa2 21. Qxd4 Nf6 22. Ra1 Qb3 23. Ra3 Qb5 24. Rfa1 a6 25. Ra5 Qc6 26. e3 Rad8 27. Qc5 Qf3 28. Qc2 Ng4 29. Rc1 Rc8 30. Rc5 Rxc5 0-1

[Event "Titled Tuesday intern op 18th Jul Early"]
[Site "Chess.com INT"]
[Date "2023.07.18"]
[Round "3"]
[White "Gamboa, Juan Pablo"]
[Black "Mortazavi, Ali"]
[Result "1/2-1/2"]
[WhiteElo "2224"]
[BlackElo "2333"]
[PlyCount "241"]
[EventDate "2023.07.18"]
[EventType "swiss (blitz)"]
[EventRounds "11"]
[EventCountry "USA"]
[SourceTitle "EXT 2024"]
[Source "ChessBase"]
[SourceDate "2023.10.10"]
[SourceVersion "1"]
[SourceVersionDate "2023.10.10"]
[SourceQuality "1"]

1. c4 Nf6 2. Nc3 g6 3. g3 d6 4. Bg2 Bg7 5. e4 0-0 6. Nge2 c5 7. d3 Nc6 8. Be3 Ne8 9. Qd2 Nd4 10. 0-0 Nc7 11. Bh6 Nxe2+ 12. Nxe2 e5 13. Bxg7 Kxg7 14. f4 f6 15. b4 b6 16. a4 cxb4 17. Qxb4 Na6 18. Qa3 Bg4 19. Nc3 Be6 20. Nb5 Nc5 21. f5 Bf7 22. fxg6 hxg6 23. Rf3 Be6 24. Raf1 a6 25. Nc3 Qd7 26. Nd5 Bxd5 27. cxd5 Qxa4 28. Qxa4 Nxa4 29. Ra1 Nc5 30. Bf1 b5 31. Rf2 Rfb8 32. Rb2 Rb6 33. Kf2 Rab8 34. Ke3 a5 35. d4 exd4+ 36. Kxd4 a4 37. Rb4 Nb3+ 38. Rxb3 axb3 39. Rb1 b4 40. Rxb3 Rc8 41. Bc4 g5 42. h4 gxh4 43. gxh4 Rh8 44. Rg3+ Kf7 45. Rh3 Rh5 46. Bb3 Rb8 47. Bd1 Rh6 48. h5 Rc8 49. Rb3 Rb8 50. Bg4 Rhh8 51. Kc4 Rhg8 52. Be6+ Kg7 53. Bxg8 Rc8+ 54. Kxb4 Rxg8 55. Kc4 Kh6 56. Rb7 Re8 57. Kd3 Kxh5 58. Rd7 Kg4 59. Rxd6 Kg5 60. Re6 Ra8 61. d6 Ra1 62. Kd4 Kg6 63. Kc5 Kf7 64. Re7+ Kf8 65. Kd5 Re1 66. e5 fxe5 67. Rxe5 Rd1+ 68. Ke6 Ke8 69. Rh5 Re1+ 70. Kd5 Rd1+ 71. Kc6 Rc1+ 72. Kb7 Kd7 73. Rh7+ Kxd6 74. Rh6+ Kd7 75. Rh7+ Kd6 76. Rh6+ Kd5 77. Rh5+ Ke6 78. Rh6+ Kf7 79. Rh7+ Kg6 80. Rc7 Rh1 81. Rc6+ Kf7 82. Rc7+ Ke6 83. Rc6+ Kd5 84. Rc7 Rb1+ 85. Kc8 Kd6 86. Rd7+ Ke6 87. Rh7 Rc1+ 88. Kd8 Rd1+ 89. Ke8 Ra1 90. Rh6+ Kf5 91. Rh5+ Kg6 92. Rc5 Rd1 93. Rc6+ Kg7 94. Rc7+ Kf6 95. Rf7+ Ke6 96. Re7+ Kf6 97. Rf7+ Kg6 98. Rd7 Ra1 99. Rd6+ Kf5 100. Rd5+ Ke6 101. Rd8 Ra7 102. Kf8 Rh7 103. Rd1 Rf7+ 104. Kg8 Rf2 105. Re1+ Kf6 106. Rd1 Rg2+ 107. Kf8 Ra2 108. Rf1+ Ke6 109. Re1+ Kd6 110. Rd1+ Kc7 111. Rc1+ Kb8 112. Rb1+ Ka7 113. Ke7 Re2+ 114. Kd6 Re8 115. Kc7 Re7+ 116. Kd6 Rh7 117. Kc6 Rh6+ 118. Kc7 Rh7+ 119. Kc6 Rh6+ 120. Kc7 Rh7+ 121. Kc6 1/2-1/2

[Event "Titled Tuesday intern op 11th Jul Late"]
[Site "Chess.com INT"]
[Date "2023.07.11"]
[Round "10"]
[White "Awoki, Daniel Teidi"]
[Black "Gamboa, Juan Pablo"]
[Result "1-0"]
[WhiteElo "2152"]
[BlackElo "2224"]
[PlyCount "49"]
[EventDate "2023.07.11"]
[EventType "swiss (blitz)"]
[EventRounds "11"]
[EventCountry "USA"]
[SourceTitle "EXT 2024"]
[Source "ChessBase"]
[SourceDate "2023.10.10"]
[SourceVersion "1"]
[SourceVersionDate "2023.10.10"]
[SourceQuality "1"]

1. e4 e6 2. d4 d5 3. Nd2 c5 4. exd5 Qxd5 5. Ngf3 cxd4 6. Bc4 Qd6 7. Qe2 Nf6 8. Nb3 Nc6 9. Bg5 Be7 10. 0-0-0 0-0 11. Nbxd4 Nxd4 12. Rxd4 Qc7 13. Rhd1 Qa5 14. Kb1 h6 15. Bf4 Qb6 16. Ne5 Bc5 17. R4d2 Bb4 18. Rd3 a5 19. Bxh6 gxh6 20. Rg3+ Kh8 21. Qf3 Be7 22. Qf4 Ng8 23. Qxf7 Rxf7 24. Nxf7+ Kh7 25. Bd3# 1-0

[Event "Titled Tuesday intern op 11th Jul Late"]
[Site "Chess.com INT"]
[Date "2023.07.11"]
[Round "9"]
[White "Gamboa, Juan Pablo"]
[Black "Sainz Aguirre, Ignacio"]
[Result "0-1"]
[WhiteElo "2224"]
[BlackElo "1829"]
[PlyCount "76"]
[EventDate "2023.07.11"]
[EventType "swiss (blitz)"]
[EventRounds "11"]
[EventCountry "USA"]
[SourceTitle "EXT 2024"]
[Source "ChessBase"]
[SourceDate "2023.10.10"]
[SourceVersion "1"]
[SourceVersionDate "2023.10.10"]
[SourceQuality "1"]

1. c4 e6 2. e4 d5 3. exd5 exd5 4. cxd5 Nf6 5. Bb5+ Bd7 6. Bc4 Bc5 7. Qe2+ Be7 8. Nf3 0-0 9. Ne5 Bf5 10. Nc3 Bd6 11. d4 Re8 12. 0-0 Nbd7 13. Bf4 Nb6 14. Bb3 a5 15. a3 a4 16. Ba2 Ng4 17. Qf3 Nxe5 18. Bxe5 Bxe5 19. Qxf5 Bxd4 20. d6 Bf6 21. dxc7 Qxc7 22. Rac1 Rac8 23. Ne4 Qxc1 24. Nxf6+ gxf6 25. Qb5 Qc6 26. Qh5 Re5 27. Qxf7+ Kh8 28. Bb1 f5 29. Bxf5 Qh6 30. Bxc8 Nxc8 31. Rd1 Nd6 32. Qc7 Re6 33. h3 Qf6 34. Qb8+ Kg7 35. Qc7+ Kg6 36. Qc2+ Qf5 37. Qxa4 Re2 38. Rf1 Ne4 0-1

[Event "Titled Tuesday intern op 21st Feb Late"]
[Site "Chess.com INT"]
[Date "2023.02.21"]
[Round "5"]
[White "Benmesbah, Natacha"]
[Black "Gamboa, Juan Pablo"]
[Result "1-0"]
[WhiteElo "2256"]
[BlackElo "2224"]
[PlyCount "79"]
[EventDate "2023.02.21"]
[EventType "swiss (blitz)"]
[EventRounds "11"]
[EventCountry "USA"]
[SourceTitle "CBM 212 Extra"]
[Source "ChessBase"]
[SourceDate "2023.03.31"]
[SourceVersion "1"]
[SourceVersionDate "2023.03.31"]
[SourceQuality "1"]

1. e4 e6 2. Qe2 Be7 3. Nf3 Nc6 4. g3 e5 5. Bg2 d6 6. 0-0 Bg4 7. c3 Nf6 8. d3 Qd7 9. Nbd2 Bh3 10. d4 exd4 11. cxd4 0-0-0 12. d5 Ne5 13. Nxe5 dxe5 14. Nc4 Bxg2 15. Kxg2 Bd6 16. Qd3 h5 17. h4 Qg4 18. Re1 Nh7 19. Qf3 Qxf3+ 20. Kxf3 f6 21. Be3 g5 22. Rac1 g4+ 23. Kg2 Kb8 24. a3 Nf8 25. b4 Ng6 26. Bc5 Rhf8 27. Be3 f5 28. exf5 Rxf5 29. Nd2 e4 30. Nxe4 Rxd5 31. Bg5 Rf8 32. Nf6 Rxg5 33. hxg5 Kc8 34. Nxh5 Ne5 35. Re4 Rh8 36. Nf4 Nf3 37. Rh1 Rxh1 38. Kxh1 Nd2 39. Re2 Nc4 40. g6 1-0

[Event "Titled Tuesday intern op 21st Feb Late"]
[Site "Chess.com INT"]
[Date "2023.02.21"]
[Round "8"]
[White "Dos Santos, Lucas Aparecido"]
[Black "Gamboa, Juan Pablo"]
[Result "1-0"]
[WhiteElo "2072"]
[BlackElo "2224"]
[PlyCount "65"]
[EventDate "2023.02.21"]
[EventType "swiss (blitz)"]
[EventRounds "11"]
[EventCountry "USA"]
[SourceTitle "CBM 212 Extra"]
[Source "ChessBase"]
[SourceDate "2023.03.31"]
[SourceVersion "1"]
[SourceVersionDate "2023.03.31"]
[SourceQuality "1"]

1. e4 e6 2. d4 d5 3. Nd2 c5 4. exd5 Qxd5 5. Ngf3 cxd4 6. Bc4 Qd6 7. Nb3 Qb4+ 8. Nbd2 Nc6 9. 0-0 Nf6 10. a3 Qd6 11. Nb3 e5 12. Bb5 Bg4 13. Re1 Be7 14. Nbd2 0-0 15. Nc4 Qc5 16. Bxc6 bxc6 17. Ncxe5 Bxf3 18. Nxf3 Bd6 19. Qxd4 Qxd4 20. Nxd4 c5 21. Nf5 Rad8 22. Bg5 h6 23. Bxf6 gxf6 24. Nxh6+ Kg7 25. Nf5+ Kg6 26. Ne3 Rh8 27. g3 f5 28. Rad1 f4 29. Nc4 Bc7 30. b3 fxg3 31. hxg3 Rd4 32. Rxd4 cxd4 33. Re4 1-0

[Event "Titled Tuesday intern op 21st Feb Late"]
[Site "Chess.com INT"]
[Date "2023.02.21"]
[Round "1"]
[White "Gamboa, Juan Pablo"]
[Black "Golubev, Mikhail"]
[Result "0-1"]
[WhiteElo "2224"]
[BlackElo "2461"]
[PlyCount "130"]
[EventDate "2023.02.21"]
[EventType "swiss (blitz)"]
[EventRounds "11"]
[EventCountry "USA"]
[SourceTitle "CBM 212 Extra"]
[Source "ChessBase"]
[SourceDate "2023.03.31"]
[SourceVersion "1"]
[SourceVersionDate "2023.03.31"]
[SourceQuality "1"]

1. c4 g6 2. Nc3 Bg7 3. g3 e5 4. Bg2 d6 5. e4 Nc6 6. d3 Nd4 7. h3 Ne7 8. Nge2 Nxe2 9. Qxe2 Nc6 10. Be3 0-0 11. 0-0 f5 12. exf5 Bxf5 13. g4 Bd7 14. f4 exf4 15. Rxf4 Rxf4 16. Bxf4 Nd4 17. Bd5+ Kh8 18. Qg2 c6 19. Be4 Qf6 20. Rf1 Rf8 21. Bg3 Qxf1+ 22. Qxf1 Rxf1+ 23. Kxf1 Be5 24. Bxe5+ dxe5 25. b4 Kg7 26. a4 h5 27. b5 hxg4 28. hxg4 Bxg4 29. bxc6 bxc6 30. Kf2 Bd7 31. a5 Kf6 32. Na4 g5 33. Nc5 Bc8 34. Na4 g4 35. Nc3 Kg5 36. Kg3 Bd7 37. Bg2 Nf5+ 38. Kf2 Kh4 39. Ne4 g3+ 40. Kf3 Nd4+ 41. Ke3 Bh3 42. Bxh3 Kxh3 43. Nxg3 Kxg3 44. Ke4 Kf2 45. Kxe5 Ke3 46. Kd6 Kxd3 47. Kc5 a6 48. Kb6 Kxc4 49. Kxa6 Nb5 50. Kb6 Kd5 51. a6 Kd6 52. Kb7 Kc5 53. a7 Nxa7 54. Kxa7 Kb4 55. Ka6 c5 56. Kb6 c4 57. Ka6 c3 58. Kb6 c2 59. Ka6 c1Q 60. Kb6 Qc5+ 61. Ka6 Qd6+ 62. Kb7 Kb5 63. Ka8 Qe7 64. Kb8 Kc6 65. Kc8 Qe8# 0-1

[Event "Titled Tuesday intern op 21st Feb Late"]
[Site "Chess.com INT"]
[Date "2023.02.21"]
[Round "9"]
[White "Gamboa, Juan Pablo"]
[Black "Huang, Alex"]
[Result "1/2-1/2"]
[WhiteElo "2224"]
[BlackElo "2009"]
[PlyCount "123"]
[EventDate "2023.02.21"]
[EventType "swiss (blitz)"]
[EventRounds "11"]
[EventCountry "USA"]
[SourceTitle "CBM 212 Extra"]
[Source "ChessBase"]
[SourceDate "2023.03.31"]
[SourceVersion "1"]
[SourceVersionDate "2023.03.31"]
[SourceQuality "1"]

1. c4 e5 2. Nc3 d6 3. g3 f5 4. d4 e4 5. f3 exf3 6. Nxf3 Nf6 7. Bg2 Be7 8. 0-0 0-0 9. Qd3 c6 10. e4 fxe4 11. Nxe4 Nxe4 12. Qxe4 Bf5 13. Qe2 Bf6 14. Be3 Qe7 15. Rae1 Nd7 16. Qd2 Bg6 17. Bf4 Qd8 18. Bxd6 Re8 19. Rxe8+ Qxe8 20. Re1 Qf7 21. d5 cxd5 22. Qxd5 Qxd5 23. cxd5 Nb6 24. Ne5 Re8 25. Kf2 Nc8 26. Bb8 Bf5 27. g4 Bh4+ 28. Kf1 Bxe1 29. Kxe1 Bxg4 30. Kf2 Bf5 31. Kg3 a6 32. Kf4 g6 33. h4 Nb6 34. Bc7 Na4 35. d6 Nc5 36. Bd5+ Kg7 37. b4 Be6 38. bxc5 Bxd5 39. d7 Rf8+ 40. Ke3 Kf6 41. d8Q+ Rxd8 42. Bxd8+ Kxe5 43. Be7 Bxa2 44. Kd3 Bd5 45. Kc3 h6 46. Kb4 Kf5 47. Ka5 Kg4 48. Kb6 g5 49. hxg5 hxg5 50. Kc7 Kf4 51. Kd6 g4 52. Bf6 g3 53. Be5+ Kf3 54. Bxg3 Kxg3 55. Kxd5 a5 56. Kc4 Kf4 57. Kb5 Ke5 58. Kxa5 Ke6 59. Kb5 Kd5 60. Kb6 Kc4 61. c6 bxc6 62. Kxc6 1/2-1/2

[Event "Titled Tuesday intern op 24th Jan Late"]
[Site "Chess.com INT"]
[Date "2023.01.24"]
[Round "4"]
[White "Novikova, Galina"]
[Black "Gamboa, Juan Pablo"]
[Result "1-0"]
[WhiteElo "2073"]
[BlackElo "2224"]
[PlyCount "99"]
[EventDate "2023.01.24"]
[EventType "swiss (blitz)"]
[EventRounds "11"]
[EventCountry "USA"]
[SourceTitle "EXT 2024"]
[Source "ChessBase"]
[SourceDate "2023.10.10"]
[SourceVersion "1"]
[SourceVersionDate "2023.10.10"]
[SourceQuality "1"]

1. e4 e6 2. Nf3 d5 3. e5 c5 4. b4 cxb4 5. a3 bxa3 6. Nxa3 Nc6 7. c3 f6 8. d4 Bxa3 9. Bxa3 Kf7 10. Bd3 Nge7 11. exf6 gxf6 12. 0-0 Ng6 13. Nd2 e5 14. Qh5 e4 15. Be2 Kg7 16. Bc1 Nf4 17. Qh4 Nxe2+ 18. Kh1 Nxc1 19. Raxc1 f5 20. Qg3+ Kf7 21. c4 Be6 22. cxd5 Bxd5 23. Qf4 Qd7 24. Rc5 Rac8 25. Nc4 Bxc4 26. Rxf5+ Ke8 27. Qxe4+ Ne7 28. Re1 Be6 29. Re5 Qc6 30. d5 Qc2 31. Qxc2 Rxc2 32. Rxe6 Rxf2 33. Rxe7+ Kd8 34. Rxb7 Rhf8 35. h3 a5 36. Ree7 Rd2 37. Rxh7 Kc8 38. Ra7 Kb8 39. Rxa5 Rd8 40. Rf7 R2xd5 41. Rxd5 Rxd5 42. Kh2 Kc8 43. h4 Kd8 44. Rf3 Ke8 45. Kh3 Rd4 46. h5 Rd5 47. g4 Rd1 48. Kh4 Rh1+ 49. Kg5 Rxh5+ 50. gxh5 1-0

[Event "ARG-ch U26"]
[Site "Argentina"]
[Date "1997.??.??"]
[Round "?"]
[White "Dolezal, Cristian"]
[Black "Gamboa, Juan Pablo"]
[Result "0-1"]
[WhiteElo "2350"]
[BlackElo "2175"]
[PlyCount "109"]
[EventDate "1997.??.??"]
[EventType "swiss"]
[EventRounds "9"]
[EventCountry "ARG"]
[SourceTitle "EXT 2001"]
[Source "ChessBase"]
[SourceDate "2000.11.22"]
[SourceVersion "1"]
[SourceVersionDate "2000.11.22"]
[SourceQuality "1"]

1. e4 e6 2. d4 d5 3. Nc3 Bb4 4. e5 c5 5. a3 Bxc3+ 6. bxc3 Ne7 7. h4 b6 8. h5 h6 9. Bb5+ Bd7 10. Bd3 Ba4 11. Nf3 c4 12. Bf1 Kd7 13. g3 Qg8 14. Bd2 Qh7 15. Rc1 g5 16. hxg6 Qxg6 17. Be2 Nf5 18. Bg5 Na6 19. Bf6 Qh7 20. Ng5 Qg6 21. Nf3 Rhg8 22. Nh4 Nxh4 23. Rxh4 Qh7 24. Qd2 Rg6 25. Bh5 Rgg8 26. Bf3 Rg6 27. Ke2 Nc7 28. Rch1 Nb5 29. Rxh6 Rxh6 30. Rxh6 Qxc2 31. Qxc2 Bxc2 32. Bh5 Bd3+ 33. Kd2 Nxa3 34. Kc1 Nb5 35. Kb2 a5 36. Bg5 a4 37. Bxf7 a3+ 38. Ka1 Bf5 39. f3 Rf8 40. Rf6 Rh8 41. Bh6 Nxc3 42. g4 Bd3 43. Bxe6+ Ke7 44. f4 b5 45. f5 b4 46. g5 b3 47. Rf7+ Ke8 48. Rb7 b2+ 49. Rxb2 axb2+ 50. Kxb2 Ne2 51. g6 c3+ 52. Kb3 Nxd4+ 53. Kxc3 Nxe6 54. g7 Nxg7 55. Bxg7 0-1